Online
Catalog

Estudios de planificación familiar / (Record no. 10910)

MARC details
000 -CABECERA
campo de control de longitud fija 00534cam a2200169 a 4500
001 - NÚMERO DE CONTROL
campo de control 000011188
005 - FECHA Y HORA DE LA ÚLTIMA TRANSACCIÓN
campo de control 20250501133637.0
008 - DATOS DE LONGITUD FIJA--INFORMACIÓN GENERAL
campo de control de longitud fija 840621s1966 ck a 000 0 spa
040 ## - FUENTE DE LA CATALOGACIÓN
Centro catalogador/agencia de origen DO-SdBNP
Lengua de catalogación spa
Centro/agencia transcriptor BNPHU
082 ## - NÚMERO DE LA CLASIFICACIÓN DECIMAL DEWEY
Número de clasificación 613.94
Número de documento/Ítem E82p
245 00 - MENCIÓN DE TÍTULO
Título Estudios de planificación familiar /
Mención de responsabilidad, etc. traducción, Mercedes de Torres.
260 ## - PUBLICACIÓN, DISTRIBUCIÓN, ETC.
Lugar de publicación, distribución, etc. Bogotá :
Nombre del editor, distribuidor, etc. Tercer Mundo,
Fecha de publicación, distribución, etc. [1966?].
300 ## - DESCRIPCIÓN FÍSICA
Extensión 293 p. :
Otras características físicas il. ;
-- 24 cm.
650 #0 - PUNTO DE ACCESO ADICIONAL DE MATERIA--TÉRMINO DE MATERIA
Término de materia o nombre geográfico como elemento de entrada Control de la natalidad
9 (RLIN) 26740
650 #4 - PUNTO DE ACCESO ADICIONAL DE MATERIA--TÉRMINO DE MATERIA
Término de materia o nombre geográfico como elemento de entrada Control natal
9 (RLIN) 26741
700 1# - PUNTO DE ACCESO ADICIONAL--NOMBRE DE PERSONA
Nombre de persona Torres, Mercedes,
Término indicativo de función/relación tr.
9 (RLIN) 26742
Holdings
Estado de retiro Estado de pérdida Restricciones de uso No para préstamo Código de colección Localización permanente Ubicación/localización actual Ubicación en estantería Fecha de adquisición Número de inventario Total de préstamos Signatura topográfica completa Código de barras Fecha visto por última vez Precio válido a partir de Tipo de ítem Koha
    Préstamo interno   Monografías: Libros y Folletos General General En catalogación 14.10.2009 LF1   613.94 E82p 11188-10 25.06.2020 25.06.2020 Préstamo interno

Powered by Koha